00405nam a2200133 a 45000010005000000030005000050050017000100080041000270400020000681100043000882450082001312600048002133000010002612774CDMR20131011135144.0130130s1932||||||||||||||||||||||||||||d aCDMRbcatcCDMR2 aAsociación de la Prensa de Almería10aMemoria correspondiente al año 1931cAsociación de la Prensa de Almería c1932bImprenta Emilio Orihuelaa[Almería] a16 p.